[Event "Tradewise Gibraltar ChallWk2"]
[Site "Gibraltar"]
[Date "2016.02.01"]
[Round "3.31"]
[White "Cramling Bellon, Anna Yolanda"]
[Black "Petersson, Baldur Teodor"]
[Result "1/2-1/2"]
[WhiteElo "1830"]
[BlackElo "1980"]
[PlyCount "65"]
[EventDate "2016.01.30"]
[EventType "swiss"]
[EventRounds "5"]
[EventCountry "GGB"]
[SourceTitle "BritBase"]
[Source "www.saund.co.uk"]
[SourceDate "2018.02.10"]
[SourceVersion "1"]
[SourceVersionDate "2018.02.10"]
[SourceQuality "1"]

1. d4 d5 2. c4 c6 3. Nc3 Nf6 4. Nf3 a6 5. a4 e6 6. Bg5 Be7 7. e3 Nbd7 8. Bd3
O-O 9. O-O b6 10. Qc2 h6 11. Bh4 Bb7 12. a5 b5 13. c5 Re8 14. b4 e5 15. Nxe5
Nxe5 16. dxe5 Ng4 17. Bg3 Bf8 18. e6 fxe6 19. h3 Nf6 20. e4 e5 21. Rae1 d4 22.
Ne2 g5 23. f3 Bc8 24. Bf2 h5 25. g4 h4 26. Qd2 Nd7 27. Qa2+ Kh8 28. Qf7 Be7 29.
Qe6 Bb7 30. Qh6+ Kg8 31. Qg6+ Kh8 32. Qh6+ Kg8 33. Qg6+ 1/2-1/2

[Event "Tradewise Gibraltar ChallWk2"]
[Site "Gibraltar"]
[Date "2016.02.01"]
[Round "3.32"]
[White "Sedgwick, David"]
[Black "Ohlsson, Mikael"]
[Result "1/2-1/2"]
[WhiteElo "1973"]
[BlackElo "1810"]
[PlyCount "111"]
[EventDate "2016.01.30"]
[EventType "swiss"]
[EventRounds "5"]
[EventCountry "GGB"]
[SourceTitle "BritBase"]
[Source "www.saund.co.uk"]
[SourceDate "2018.02.10"]
[SourceVersion "1"]
[SourceVersionDate "2018.02.10"]
[SourceQuality "1"]

1. e4 c5 2. c3 e6 3. d4 d5 4. e5 Nc6 5. Nf3 Bd7 6. Bd3 Nh6 7. Bxh6 gxh6 8. dxc5
Bxc5 9. b4 Bf8 10. O-O Bg7 11. Re1 Qc7 12. Qe2 O-O 13. Na3 a6 14. b5 Nb8 15. c4
axb5 16. Nxb5 Bxb5 17. cxb5 Ra3 18. Rac1 Rc3 19. Qd2 Rc8 20. Rxc3 Qxc3 21. Qxc3
Rxc3 22. Re3 Rc1+ 23. Bf1 Bf8 24. Re1 Rc2 25. Re2 Rxe2 26. Bxe2 Nd7 27. a4 Bb4
28. g3 Nc5 29. Bd1 Kf8 30. Bc2 Bc3 31. Kf1 Ke7 32. Ke2 b6 33. Bxh7 Nxa4 34. Kd3
Ba1 35. Nd4 Nc5+ 36. Ke3 Bxd4+ 37. Kxd4 f5 38. exf6+ Kxf6 39. f4 Nb7 40. Bd3
Nd6 41. g4 Nf7 42. h4 e5+ 43. Kxd5 exf4 44. Be2 Ne5 45. Ke4 Ng6 46. h5 Nf8 47.
Kxf4 Ne6+ 48. Ke4 Kg5 49. Ke5 Nc7 50. Kd6 Nxb5+ 51. Bxb5 Kxg4 52. Be8 Kf5 53.
Ke7 Kg5 54. Bg6 b5 55. Ke6 b4 56. Ke5 1/2-1/2

[Event "Tradewise Gibraltar ChallWk2"]
[Site "Gibraltar"]
[Date "2016.02.01"]
[Round "3.33"]
[White "Ruiz Manrique, Joaquin"]
[Black "Musi, Dietmar"]
[Result "1-0"]
[WhiteElo "1984"]
[BlackElo "1754"]
[PlyCount "37"]
[EventDate "2016.01.30"]
[EventType "swiss"]
[EventRounds "5"]
[EventCountry "GGB"]
[SourceTitle "BritBase"]
[Source "www.saund.co.uk"]
[SourceDate "2018.02.10"]
[SourceVersion "1"]
[SourceVersionDate "2018.02.10"]
[SourceQuality "1"]

1. e4 e6 2. Qe2 b6 3. d4 Bb7 4. Nc3 Bb4 5. a3 Ba6 6. Qf3 Bxc3+ 7. bxc3 Bxf1 8.
Kxf1 Qf6 9. Bf4 g5 10. e5 Qxf4 11. Qxa8 Qd2 12. Qxb8+ Ke7 13. Ne2 h5 14. h3 f6
15. exf6+ Kxf6 16. Qxc7 Ke7 17. Qg3 Qxc2 18. Qxg5+ Ke8 19. Rc1 1-0

[Event "Tradewise Gibraltar ChallWk2"]
[Site "Gibraltar"]
[Date "2016.02.01"]
[Round "3.34"]
[White "Lochte, Szilvia"]
[Black "Brandstetter, Dieter"]
[Result "1/2-1/2"]
[WhiteElo "1913"]
[BlackElo "2039"]
[PlyCount "27"]
[EventDate "2016.01.30"]
[EventType "swiss"]
[EventRounds "5"]
[EventCountry "GGB"]
[SourceTitle "BritBase"]
[Source "www.saund.co.uk"]
[SourceDate "2018.02.10"]
[SourceVersion "1"]
[SourceVersionDate "2018.02.10"]
[SourceQuality "1"]

1. d4 d5 2. Nf3 Nf6 3. Bf4 e6 4. e3 c5 5. c3 Nc6 6. Nbd2 Bd6 7. Bg3 O-O 8. Bd3
b6 9. Ne5 Bb7 10. O-O Ne7 11. Qf3 Ng6 12. Nxg6 hxg6 13. Bh4 Be7 14. Qe2 1/2-1/2

[Event "Tradewise Gibraltar ChallWk2"]
[Site "Gibraltar"]
[Date "2016.02.01"]
[Round "3.36"]
[White "Adebajo, Olufemi"]
[Black "Wright, Jonathan"]
[Result "0-1"]
[WhiteElo "1963"]
[BlackElo "1902"]
[PlyCount "128"]
[EventDate "2016.01.30"]
[EventType "swiss"]
[EventRounds "5"]
[EventCountry "GGB"]
[SourceTitle "BritBase"]
[Source "www.saund.co.uk"]
[SourceDate "2018.02.10"]
[SourceVersion "1"]
[SourceVersionDate "2018.02.10"]
[SourceQuality "1"]

1. e4 c5 2. Nc3 Nc6 3. Nf3 e6 4. Bb5 Nd4 5. O-O Nxb5 6. Nxb5 a6 7. Nc3 d6 8.
Re1 Nf6 9. d4 cxd4 10. Qxd4 Be7 11. Bg5 O-O 12. Rad1 Qc7 13. h3 Rd8 14. Qd2 b5
15. a3 Bb7 16. Bf4 e5 17. Bh2 Rac8 18. Qd3 Qc4 19. Qe3 b4 20. Nd2 Qd4 21. axb4
Qxb4 22. Nb3 Rc4 23. f3 Rdc8 24. Kh1 Bc6 25. Ra1 Bb5 26. g4 Rxc3 27. bxc3 Rxc3
28. Qd2 Qc4 29. Na5 Qc7 30. Re3 Rxc2 31. Qe1 Nd7 32. Nb3 Bg5 33. Bg1 Bxe3 34.
Bxe3 Re2 35. Qc1 Qxc1+ 36. Bxc1 Re1+ 37. Kg2 Nb6 38. Kf2 Re2+ 39. Kg3 Nc4 40.
Na5 Nxa5 41. Rxa5 Kf8 42. Ra3 Rc2 43. Be3 Ke7 44. h4 Ke6 45. f4 exf4+ 46. Bxf4
Rc4 47. Rd3 Rc6 48. Ra3 h6 49. h5 Rc2 50. Rb3 Re2 51. Kf3 Re1 52. Bg3 Rf1+ 53.
Kg2 Rd1 54. Ra3 Rd3 55. Ra1 Rd2+ 56. Kf3 Be2+ 57. Ke3 Rb2 58. Ra3 g6 59. hxg6
fxg6 60. g5 hxg5 61. Ra5 Bb5 62. Ra1 Re2+ 63. Kf3 Rc2 64. Rd1 Be2+ 0-1

[Event "Tradewise Gibraltar ChallWk2"]
[Site "Gibraltar"]
[Date "2016.02.01"]
[Round "3.37"]
[White "Bryant, Richard B E"]
[Black "Haddock, Paul"]
[Result "1-0"]
[WhiteElo "1961"]
[BlackElo "1606"]
[PlyCount "45"]
[EventDate "2016.01.30"]
[EventType "swiss"]
[EventRounds "5"]
[EventCountry "GGB"]
[SourceTitle "BritBase"]
[Source "www.saund.co.uk"]
[SourceDate "2018.02.10"]
[SourceVersion "1"]
[SourceVersionDate "2018.02.10"]
[SourceQuality "1"]

1. e4 e5 2. f4 d5 3. exd5 exf4 4. Nf3 Bd6 5. d4 Nf6 6. Qe2+ Qe7 7. c4 Qxe2+ 8.
Bxe2 Nbd7 9. Nc3 Bb4 10. Bxf4 Kd8 11. O-O Bxc3 12. bxc3 Ne4 13. Ng5 Nxg5 14.
Bxg5+ f6 15. Bf4 Nb6 16. Rac1 Bd7 17. Bd3 a5 18. Rf3 g6 19. Bh6 f5 20. Re1 Re8
21. Bg5+ Kc8 22. Rfe3 Rxe3 23. Rxe3 1-0

[Event "Tradewise Gibraltar ChallWk2"]
[Site "Gibraltar"]
[Date "2016.02.02"]
[Round "4.1"]
[White "Boado Rodriguez, Martin"]
[Black "Menna Barreto, Felipe Kubiaki"]
[Result "1/2-1/2"]
[WhiteElo "2121"]
[BlackElo "2247"]
[PlyCount "141"]
[EventDate "2016.01.30"]
[EventType "swiss"]
[EventRounds "5"]
[EventCountry "GGB"]
[SourceTitle "BritBase"]
[Source "www.saund.co.uk"]
[SourceDate "2018.02.10"]
[SourceVersion "1"]
[SourceVersionDate "2018.02.10"]
[SourceQuality "1"]

1. e4 c5 2. c4 Nc6 3. Nf3 e5 4. Nc3 g6 5. d3 Bg7 6. Be3 d6 7. Qd2 Nge7 8. g3
Bg4 9. Bg2 h5 10. Nh4 Nd4 11. h3 Be6 12. O-O Bf6 13. Bg5 Bxg5 14. Qxg5 Nec6 15.
f4 Qxg5 16. fxg5 O-O 17. Rf6 Nb8 18. Raf1 Nd7 19. R6f2 Rab8 20. Nf3 Nxf3+ 21.
Rxf3 a6 22. Kh2 b5 23. b3 b4 24. Nd1 a5 25. R3f2 Ra8 26. Bf3 a4 27. Ne3 axb3
28. axb3 Ra3 29. Bd1 Nb8 30. g4 h4 31. Ng2 Nc6 32. Nxh4 Rfa8 33. Nf3 Ra1 34.
Kg3 R8a3 35. Bc2 Rxf1 36. Rxf1 Ra2 37. Rc1 Rb2 38. Kf2 Na5 39. Nd2 Bd7 40. Ke3
Nc6 41. Bd1 Ra2 42. Nf3 Nd4 43. Nd2 Ne6 44. Nf3 Nf4 45. Ng1 Rh2 46. Bf3 Nxh3
47. Nxh3 Rxh3 48. Kf2 Kf8 49. Kg2 Rh8 50. Ra1 Ke7 51. Ra7 Rd8 52. Ra6 Rf8 53.
Kg3 Rd8 54. Bg2 Be6 55. Ra7+ Rd7 56. Rxd7+ Bxd7 57. Bf3 Be8 58. Kh4 Bc6 59. Be2
Bb7 60. Bd1 Bc6 61. Bc2 Kd8 62. Bd1 Kc7 63. Bc2 Bb7 64. Kg3 Kd8 65. Bd1 Ke7 66.
Kh4 Bc6 67. Bc2 Bd7 68. Bd1 f6 69. gxf6+ Kxf6 70. g5+ Kg7 71. Bc2 1/2-1/2

[Event "Tradewise Gibraltar ChallWk2"]
[Site "Gibraltar"]
[Date "2016.02.02"]
[Round "4.2"]
[White "Longa Yauca, Javier"]
[Black "Verneuil, Pascal"]
[Result "1/2-1/2"]
[WhiteElo "2234"]
[BlackElo "2205"]
[PlyCount "115"]
[EventDate "2016.01.30"]
[EventType "swiss"]
[EventRounds "5"]
[EventCountry "GGB"]
[SourceTitle "BritBase"]
[Source "www.saund.co.uk"]
[SourceDate "2018.02.10"]
[SourceVersion "1"]
[SourceVersionDate "2018.02.10"]
[SourceQuality "1"]

1. Nf3 d5 2. g3 Nf6 3. Bg2 Bg4 4. c4 e6 5. Qb3 Qc8 6. Ne5 c6 7. Nxg4 Nxg4 8.
Nc3 d4 9. Ne4 Nd7 10. O-O f5 11. Ng5 Nc5 12. Qd1 Be7 13. d3 a5 14. b3 O-O 15.
Nf3 Rd8 16. h3 Nf6 17. Bb2 e5 18. Nxe5 f4 19. gxf4 Qf5 20. Nf3 Ne6 21. e3 Bc5
22. Nh4 Qh5 23. Qxh5 Nxh5 24. f5 Nf8 25. Bf3 dxe3 26. Bxh5 exf2+ 27. Kg2 Rxd3
28. Rad1 Rad8 29. Rxd3 Rxd3 30. Rd1 f1=Q+ 31. Kxf1 Rxh3 32. Be5 Rxh4 33. Bf3 g5
34. Rd8 g4 35. Bg2 Rh5 36. Be4 Rh3 37. Bf4 a4 38. Rb8 axb3 39. axb3 Rxb3 40.
Bxc6 Kg7 41. Be4 Rb4 42. Be5+ Kh6 43. Bd3 Rb3 44. Ke2 Nd7 45. Bf4+ Kg7 46. Rc8
Rb2+ 47. Ke1 Rf2 48. Bb8 Kf6 49. Be2 Rg2 50. Rg8 Nxb8 51. Rxb8 Rg1+ 52. Kd2 b6
53. Bd3 g3 54. Rg8 h5 55. Rg6+ Kf7 56. Be4 h4 57. Bd5+ Ke7 58. f6+ 1/2-1/2

[Event "Tradewise Gibraltar ChallWk2"]
[Site "Gibraltar"]
[Date "2016.02.02"]
[Round "4.3"]
[White "Del Amo Carbo, Jordi"]
[Black "Dolzhikova, Olga"]
[Result "0-1"]
[WhiteElo "2113"]
[BlackElo "2126"]
[PlyCount "152"]
[EventDate "2016.01.30"]
[EventType "swiss"]
[EventRounds "5"]
[EventCountry "GGB"]
[SourceTitle "BritBase"]
[Source "www.saund.co.uk"]
[SourceDate "2018.02.10"]
[SourceVersion "1"]
[SourceVersionDate "2018.02.10"]
[SourceQuality "1"]

1. d4 Nf6 2. c4 e6 3. Nc3 Bb4 4. e3 Bxc3+ 5. bxc3 c5 6. Bd3 Nc6 7. Ne2 d6 8.
O-O e5 9. e4 h6 10. f3 Nh5 11. Be3 b6 12. g4 Nf6 13. Ng3 g5 14. Be2 O-O 15. Kg2
Ne8 16. Rh1 Ng7 17. Qd2 cxd4 18. cxd4 exd4 19. Bxd4 Nxd4 20. Qxd4 Ne6 21. Qb2
Nf4+ 22. Kf2 f6 23. h4 Qc7 24. hxg5 Qc5+ 25. Kf1 hxg5 26. Rd1 Be6 27. Qc2 Qe5
28. Nh5 Nxh5 29. Rxh5 Bf7 30. Rh3 Kg7 31. Kg2 Rac8 32. Rdh1 Bg6 33. Qd2 Rc5 34.
Rd1 Rd8 35. Rhh1 Bf7 36. Qb4 Ra5 37. Rd2 Qc5 38. Qb2 Qe3 39. Rd3 Qf4 40. Ra3
Rxa3 41. Qxa3 Rd7 42. Rd1 Qe5 43. Qd3 Rd8 44. Qd4 Qxd4 45. Rxd4 Kf8 46. Kf2 Ke7
47. Ke3 Rc8 48. Kd2 Rc5 49. Kc3 b5 50. Kb4 a5+ 51. Kxa5 bxc4+ 52. Kb4 c3 53.
Rd1 c2 54. Rc1 Bxa2 55. Bd3 Bb1 56. Kb3 Ke6 57. Bxc2 Bxc2+ 58. Rxc2 Ke5 59. Rd2
Kf4 60. Rd3 Rc1 61. Kb4 Rf1 62. Rxd6 Rxf3 63. Rxf6+ Kxe4 64. Rg6 Kf4 65. Kc4
Re3 66. Kd4 Re8 67. Kd3 Kxg4 68. Kd2 Kf4 69. Rg7 g4 70. Rf7+ Kg3 71. Rg7 Kf3
72. Rf7+ Kg2 73. Rg7 g3 74. Rf7 Kg1 75. Rg7 g2 76. Rh7 Re5 0-1

[Event "Tradewise Gibraltar ChallWk2"]
[Site "Gibraltar"]
[Date "2016.02.02"]
[Round "4.4"]
[White "Broekman, Willem"]
[Black "House, Glenn L"]
[Result "0-1"]
[WhiteElo "1978"]
[BlackElo "2226"]
[PlyCount "63"]
[EventDate "2016.01.30"]
[EventType "swiss"]
[EventRounds "5"]
[EventCountry "GGB"]
[SourceTitle "BritBase"]
[Source "www.saund.co.uk"]
[SourceDate "2018.02.10"]
[SourceVersion "1"]
[SourceVersionDate "2018.02.10"]
[SourceQuality "1"]

1. d4 Nf6 2. c4 e6 3. Nc3 Bb4 4. Qc2 c5 5. dxc5 O-O 6. Nf3 Na6 7. Bd2 Bxc5 8.
a3 b6 9. g3 Bb7 10. Bg2 Be7 11. b3 d5 12. Nd4 Qd7 13. cxd5 Nxd5 14. Nxd5 Bxd5
15. e4 Rac8 16. Qb2 Nc5 17. O-O Nxe4 18. Bxe4 Bxe4 19. Be3 Bf6 20. Rad1 Rfd8
21. Qe2 Qb7 22. f4 Rd7 23. Nf3 Rcd8 24. Rxd7 Qxd7 25. Kf2 Bd3 26. Rd1 Bxe2 27.
Rxd7 Rxd7 28. Kxe2 Rc7 29. a4 Rc3 30. Nd2 Be7 31. Bd4 Rc7 32. a5 0-1

[Event "Tradewise Gibraltar ChallWk2"]
[Site "Gibraltar"]
[Date "2016.02.02"]
[Round "4.5"]
[White "Carlsten, Peter"]
[Black "Hamer, Martyn"]
[Result "0-1"]
[WhiteElo "2074"]
[BlackElo "2058"]
[PlyCount "28"]
[EventDate "2016.01.30"]
[EventType "swiss"]
[EventRounds "5"]
[EventCountry "GGB"]
[SourceTitle "BritBase"]
[Source "www.saund.co.uk"]
[SourceDate "2018.02.10"]
[SourceVersion "1"]
[SourceVersionDate "2018.02.10"]
[SourceQuality "1"]

1. e4 Nf6 2. Nc3 e5 3. d4 Bb4 4. dxe5 Nxe4 5. Qg4 d5 6. Qxg7 Rf8 7. a3 Bc5 8.
Nxe4 dxe4 9. Ne2 e3 10. Bxe3 Bxe3 11. fxe3 Bf5 12. Nd4 Bg6 13. O-O-O Qg5 14.
Kb1 Bxc2+ 0-1

[Event "Tradewise Gibraltar ChallWk2"]
[Site "Gibraltar"]
[Date "2016.02.02"]
[Round "4.6"]
[White "Gaspar, Ioan-Dan"]
[Black "Kozarcanin, Sead"]
[Result "0-1"]
[WhiteElo "1486"]
[BlackElo "2073"]
[PlyCount "66"]
[EventDate "2016.01.30"]
[EventType "swiss"]
[EventRounds "5"]
[EventCountry "GGB"]
[SourceTitle "BritBase"]
[Source "www.saund.co.uk"]
[SourceDate "2018.02.10"]
[SourceVersion "1"]
[SourceVersionDate "2018.02.10"]
[SourceQuality "1"]

1. e4 e5 2. Nf3 Nc6 3. Bb5 Nge7 4. O-O a6 5. Ba4 g6 6. c3 d6 7. d4 Bd7 8. Bg5
Bg7 9. d5 Nb8 10. Bc2 h6 11. Bd2 O-O 12. c4 f5 13. Nc3 fxe4 14. Bxe4 Bf5 15. b4
Nd7 16. Ne1 Nf6 17. f3 c6 18. Be3 cxd5 19. cxd5 Rc8 20. Rc1 b5 21. Qd2 Kh7 22.
a3 Rc4 23. Qd3 Qa8 24. g4 Nxe4 25. fxe4 Bxg4 26. Ng2 Rxf1+ 27. Rxf1 Qc8 28. Bd2
Rc7 29. Ne3 Bd7 30. Rf2 Ng8 31. Qf1 Rxc3 32. Bxc3 Qxc3 33. Ng2 Qd4 0-1

[Event "Tradewise Gibraltar ChallWk2"]
[Site "Gibraltar"]
[Date "2016.02.02"]
[Round "4.7"]
[White "Lercel, Michal"]
[Black "Jameson, David"]
[Result "1-0"]
[WhiteElo "2245"]
[BlackElo "2095"]
[PlyCount "86"]
[EventDate "2016.01.30"]
[EventType "swiss"]
[EventRounds "5"]
[EventCountry "GGB"]
[SourceTitle "BritBase"]
[Source "www.saund.co.uk"]
[SourceDate "2018.02.10"]
[SourceVersion "1"]
[SourceVersionDate "2018.02.10"]
[SourceQuality "1"]

1. d4 Nf6 2. c4 e6 3. Nc3 Bb4 4. Qc2 O-O 5. Nf3 d5 6. Bg5 h6 7. Bh4 c5 8. e3
cxd4 9. exd4 Nc6 10. Rd1 b6 11. Bd3 Ba6 12. O-O Be7 13. Qa4 Bb7 14. Bb1 g6 15.
Rfe1 Kg7 16. Qc2 Nb4 17. Qa4 Bc6 18. Qb3 dxc4 19. Qxc4 Bxf3 20. gxf3 Nbd5 21.
Bg3 Rc8 22. Qd3 Qd7 23. Be5 Kh7 24. Kh1 Rg8 25. Ne4 Nh5 26. a3 Rc6 27. Rg1 Bf6
28. Rg4 Qc8 29. Nd6 Qd7 30. Nc4 Qc8 31. Ne3 Rc1 32. Nxd5 exd5 33. Ba2 Rxd1+ 34.
Qxd1 Qe6 35. f4 Rc8 36. Qf3 Rc1+ 37. Kg2 Bxe5 38. fxe5 f5 39. exf6 Nxf6 40. Rf4
Kg7 41. Qe3 Qxe3 42. fxe3 Rc2+ 43. Rf2 Rc7 1-0

[Event "Tradewise Gibraltar ChallWk2"]
[Site "Gibraltar"]
[Date "2016.02.02"]
[Round "4.8"]
[White "Pinho, Paulo"]
[Black "Mohorea, Vasile"]
[Result "1-0"]
[WhiteElo "2197"]
[BlackElo "2087"]
[PlyCount "81"]
[EventDate "2016.01.30"]
[EventType "swiss"]
[EventRounds "5"]
[EventCountry "GGB"]
[SourceTitle "BritBase"]
[Source "www.saund.co.uk"]
[SourceDate "2018.02.10"]
[SourceVersion "1"]
[SourceVersionDate "2018.02.10"]
[SourceQuality "1"]

1. d4 e6 2. c4 Nf6 3. Nf3 b6 4. Nc3 Bb4 5. Bg5 h6 6. Bh4 Bb7 7. e3 O-O 8. Bd3
c5 9. O-O cxd4 10. exd4 Be7 11. Qe2 Nc6 12. Rad1 d5 13. Rfe1 Nb4 14. Bb1 dxc4
15. Ne5 Nbd5 16. Qxc4 Rc8 17. Qd3 Nb4 18. Qh3 Nfd5 19. Nxd5 Nxd5 20. Qd3 f5 21.
Bxe7 Nxe7 22. Bc2 Nd5 23. Bb3 Nf4 24. Qg3 g5 25. h4 Rc7 26. Nf3 Rg7 27. hxg5
Bxf3 28. Qxf3 Qxg5 29. g3 Rf6 30. Kf1 Nh5 31. Rxe6 Kh7 32. Re5 Rc7 33. d5 Ng7
34. d6 Rd7 35. Qc6 Rd8 36. Qc7 Rff8 37. Re7 Kh8 38. Rde1 f4 39. Rxg7 Qxg7 40.
Re7 Qg6 41. Bc2 1-0

[Event "Tradewise Gibraltar ChallWk2"]
[Site "Gibraltar"]
[Date "2016.02.02"]
[Round "4.9"]
[White "Gueler, Sebastian"]
[Black "Schouten, Freek"]
[Result "1/2-1/2"]
[WhiteElo "2189"]
[BlackElo "2053"]
[PlyCount "53"]
[EventDate "2016.01.30"]
[EventType "swiss"]
[EventRounds "5"]
[EventCountry "GGB"]
[SourceTitle "BritBase"]
[Source "www.saund.co.uk"]
[SourceDate "2018.02.10"]
[SourceVersion "1"]
[SourceVersionDate "2018.02.10"]
[SourceQuality "1"]

1. c4 c6 2. Nf3 d5 3. b3 Nf6 4. g3 Bg4 5. Bg2 Nbd7 6. Bb2 e6 7. O-O Be7 8. d3
O-O 9. Nbd2 Qc7 10. Rc1 Rfe8 11. Rc2 Bf8 12. Qa1 e5 13. cxd5 Nxd5 14. a3 Qb8
15. h3 Bh5 16. g4 Bg6 17. Nh4 Nf4 18. Nxg6 Nxe2+ 19. Kh1 hxg6 20. Re1 Nf4 21.
Nc4 Nxd3 22. Rd1 N7c5 23. b4 Nb3 24. Qa2 Nxb2 25. Qxb2 Nd4 26. Rcd2 Qc7 27.
Nxe5 1/2-1/2

[Event "Tradewise Gibraltar ChallWk2"]
[Site "Gibraltar"]
[Date "2016.02.02"]
[Round "4.10"]
[White "Pabalan, Rocky"]
[Black "Gonzalez Gonzalez, Alfonso"]
[Result "0-1"]
[WhiteElo "2089"]
[BlackElo "2173"]
[PlyCount "106"]
[EventDate "2016.01.30"]
[EventType "swiss"]
[EventRounds "5"]
[EventCountry "GGB"]
[SourceTitle "BritBase"]
[Source "www.saund.co.uk"]
[SourceDate "2018.02.10"]
[SourceVersion "1"]
[SourceVersionDate "2018.02.10"]
[SourceQuality "1"]

1. e4 c5 2. Nf3 e6 3. d4 cxd4 4. Nxd4 Nf6 5. Nc3 Bb4 6. e5 Nd5 7. Bd2 Nxc3 8.
bxc3 Be7 9. Qg4 g6 10. Bd3 Nc6 11. Nxc6 dxc6 12. h4 Qc7 13. Qe4 Bd7 14. Bg5
Bxg5 15. hxg5 O-O-O 16. Rh4 c5 17. Qe3 Bc6 18. f4 Qa5 19. Kf2 Qxc3 20. Rah1 c4
21. Be2 Qxe3+ 22. Kxe3 Bxg2 23. R1h2 Bd5 24. Rxh7 Rxh7 25. Rxh7 Rd7 26. c3 b5
27. a3 Bc6 28. Rh8+ Kc7 29. Rf8 Bb7 30. Bf1 Kb6 31. a4 a5 32. Rh8 bxa4 33. Bxc4
Bd5 34. Bxd5 exd5 35. Kd4 a3 36. Rh1 Kb5 37. f5 gxf5 38. g6 fxg6 39. Re1 Rd8
40. e6 f4 41. e7 Re8 42. Kxd5 f3 43. c4+ Kb4 44. Kd6 f2 45. Rf1 a2 46. Rc1 Kb3
47. Kd7 Rxe7+ 48. Kxe7 Kb2 49. Rf1 a1=Q 50. Rxf2+ Kc3 51. Rf4 g5 52. Rg4 Qa3+
53. Ke6 Qc5 0-1

[Event "Tradewise Gibraltar ChallWk2"]
[Site "Gibraltar"]
[Date "2016.02.02"]
[Round "4.11"]
[White "Ajele, Rotimi"]
[Black "George, Lolomari Erekosima"]
[Result "0-1"]
[WhiteElo "2163"]
[BlackElo "1937"]
[PlyCount "44"]
[EventDate "2016.01.30"]
[EventType "swiss"]
[EventRounds "5"]
[EventCountry "GGB"]
[SourceTitle "BritBase"]
[Source "www.saund.co.uk"]
[SourceDate "2018.02.10"]
[SourceVersion "1"]
[SourceVersionDate "2018.02.10"]
[SourceQuality "1"]

1. d4 Nf6 2. c4 g6 3. Nc3 Bg7 4. e4 d6 5. f3 O-O 6. Be3 Nbd7 7. Nh3 e5 8. d5
Nh5 9. Be2 h6 10. Qd2 Kh7 11. O-O f5 12. exf5 gxf5 13. g4 Qh4 14. Kg2 Nf4+ 15.
Nxf4 exf4 16. Bf2 Qe7 17. Rae1 Ne5 18. Bd3 Kh8 19. h3 Bd7 20. Qc2 fxg4 21. hxg4
Qg5 22. Rh1 Nxf3 0-1

[Event "Tradewise Gibraltar ChallWk2"]
[Site "Gibraltar"]
[Date "2016.02.02"]
[Round "4.12"]
[White "Campbell, Charles"]
[Black "Henderson De La Fuente, Andrea"]
[Result "1-0"]
[WhiteElo "2157"]
[BlackElo "1866"]
[PlyCount "167"]
[EventDate "2016.01.30"]
[EventType "swiss"]
[EventRounds "5"]
[EventCountry "GGB"]
[SourceTitle "BritBase"]
[Source "www.saund.co.uk"]
[SourceDate "2018.02.10"]
[SourceVersion "1"]
[SourceVersionDate "2018.02.10"]
[SourceQuality "1"]

1. d4 Nf6 2. c4 g6 3. Nf3 Bg7 4. g3 d6 5. Bg2 O-O 6. O-O Nbd7 7. Nc3 e5 8. h3
c6 9. e4 Ne8 10. d5 h6 11. Be3 c5 12. Qd2 Kh7 13. Ne1 f5 14. exf5 gxf5 15. f4
e4 16. Nc2 Ndf6 17. Rae1 h5 18. Bf2 Bh6 19. Ne2 Bd7 20. Ne3 Rg8 21. Kh2 Qe7 22.
h4 Ng4+ 23. Nxg4 hxg4 24. Nc3 Nf6 25. Rb1 Rab8 26. Rfe1 Rge8 27. b4 b6 28. Be3
Rec8 29. Bf1 Bg7 30. Rb3 Nh5 31. Reb1 Bf6 32. bxc5 dxc5 33. Bg2 Kg6 34. Bf2 Rh8
35. Ne2 Rbe8 36. Kg1 Ba4 37. Ra3 Bd7 38. Qe3 Ra8 39. Qd2 Rhe8 40. Re1 Qd6 41.
Rb3 Ng7 42. Nc3 Re7 43. Be3 Nh5 44. Bf2 Rae8 45. Ne2 Bc8 46. Ra3 Bd4 47. Be3
Bf6 48. Kf2 Rh7 49. Rh1 a5 50. Rb3 Ba6 51. Qc2 Rb7 52. Rhb1 Rh8 53. a4 Rhh7 54.
Bf1 Bd8 55. Bg2 Bf6 56. Rh1 Rh8 57. Rbb1 Qe7 58. Ke1 Rd8 59. Bf1 Qg7 60. Rb3
Bd4 61. Kf2 Rbb8 62. Rb1 Bc8 63. Qd2 Bf6 64. Nc1 Ba6 65. Qc2 Bd4 66. Ne2 Qf6
67. Rc1 Ng7 68. Qd2 Bxe3+ 69. Kxe3 Ne6 70. Qc3 Qe7 71. Qe5 Rd6 72. dxe6 Rd3+
73. Kf2 Rf3+ 74. Ke1 Rd8 75. Bg2 Ra3 76. h5+ Kh6 77. Qxf5 Rg8 78. Bxe4 Bc8 79.
Bd5 Rxa4 80. Nc3 Ra3 81. Ne4 Re3+ 82. Kd2 Ra3 83. Ng5 Ra2+ 84. Ke1 1-0

[Event "Tradewise Gibraltar ChallWk2"]
[Site "Gibraltar"]
[Date "2016.02.02"]
[Round "4.13"]
[White "Ungureanu, Sandu"]
[Black "Vinas Guerrero, Carlos A"]
[Result "1/2-1/2"]
[WhiteElo "2051"]
[BlackElo "2123"]
[PlyCount "89"]
[EventDate "2016.01.30"]
[EventType "swiss"]
[EventRounds "5"]
[EventCountry "GGB"]
[SourceTitle "BritBase"]
[Source "www.saund.co.uk"]
[SourceDate "2018.02.10"]
[SourceVersion "1"]
[SourceVersionDate "2018.02.10"]
[SourceQuality "1"]

1. c4 e5 2. g3 Nf6 3. Bg2 d5 4. cxd5 Nxd5 5. Nc3 Nb6 6. Nf3 Nc6 7. O-O Be7 8.
a3 O-O 9. b4 Be6 10. d3 f6 11. Be3 a5 12. Bxb6 cxb6 13. b5 Na7 14. a4 Rc8 15.
Ne4 f5 16. Ned2 Bf6 17. Rc1 Rxc1 18. Qxc1 Qe7 19. Nc4 Rc8 20. Qe3 Bxc4 21. dxc4
e4 22. Nd2 Qd6 23. Bh3 Rc5 24. Rc1 Bd4 25. Qf4 Be5 26. Qe3 Bd4 27. Qb3 Bf6 28.
Rd1 Qe6 29. e3 Nc8 30. Bf1 Nd6 31. Nb1 Nf7 32. Nc3 Bxc3 33. Qxc3 Ne5 34. Rd8+
Kf7 35. Be2 Rc7 36. Qd4 Rd7 37. Rxd7+ Nxd7 38. Bh5+ g6 39. Be2 Ke7 40. Qh8 h5
41. Qc8 Nc5 42. Qc7+ Kf6 43. Qd8+ Kg7 44. Qc7+ Kh8 45. Qd8+ 1/2-1/2

[Event "Tradewise Gibraltar ChallWk2"]
[Site "Gibraltar"]
[Date "2016.02.02"]
[Round "4.14"]
[White "Vardi, Shlomit"]
[Black "Martin Macias, Daniel"]
[Result "1/2-1/2"]
[WhiteElo "1966"]
[BlackElo "2104"]
[PlyCount "141"]
[EventDate "2016.01.30"]
[EventType "swiss"]
[EventRounds "5"]
[EventCountry "GGB"]
[SourceTitle "BritBase"]
[Source "www.saund.co.uk"]
[SourceDate "2018.02.10"]
[SourceVersion "1"]
[SourceVersionDate "2018.02.10"]
[SourceQuality "1"]

1. e4 c5 2. Nc3 Nc6 3. g3 e5 4. Bg2 d6 5. Nge2 Nf6 6. Nd5 Be7 7. c3 O-O 8. O-O
Be6 9. h3 Bxd5 10. exd5 Nb8 11. c4 Nbd7 12. d3 Ne8 13. f4 Bf6 14. fxe5 Bxe5 15.
Bf4 Bxf4 16. Rxf4 Qe7 17. Kh2 Nef6 18. Nc3 Ne5 19. Qd2 Rae8 20. Raf1 Ned7 21.
R1f2 a6 22. d4 b6 23. g4 Qe3 24. g5 cxd4 25. Qxd4 Nh5 26. Qxe3 Rxe3 27. Rh4 g6
28. Ne4 Ne5 29. Nxd6 Rd8 30. Re4 Rxe4 31. Nxe4 Nxc4 32. Nf6+ Nxf6 33. Rxf6 Nd6
34. Kg3 Kf8 35. Kf4 Ke7 36. Ke5 h6 37. h4 hxg5 38. hxg5 Nc4+ 39. Kd4 Nxb2 40.
Rxb6 Nd1 41. Rb1 Nf2 42. Rf1 Ng4 43. Rf4 f5 44. Rf1 Kd6 45. Rc1 Ne5 46. Rb1 Nd7
47. Rb7 Rh8 48. Ra7 Rh4+ 49. Kc3 Ra4 50. Kb2 Ne5 51. Kb3 Ra5 52. a4 Nd3 53. Bf1
Nc5+ 54. Kc3 Rxa4 55. Rg7 Rg4 56. Rxg6+ Kxd5 57. Bxa6 Rg3+ 58. Kd2 Nxa6 59.
Rxa6 Rxg5 60. Ke3 Rg4 61. Kf3 Ke5 62. Ra5+ Kf6 63. Ra8 Rb4 64. Rf8+ Kg6 65.
Rg8+ Kf7 66. Rg5 Kf6 67. Rg8 Rb6 68. Rf8+ Ke5 69. Re8+ Re6 70. Ra8 Rd6 71. Re8+
1/2-1/2